Wszyscy zadymiarze z brawl stars - Statystyki

Ogólne statystyki
  • Ten quiz został rozwiązany 158 razy
  • Średni wynik to 46 z 77
Statystyki odpowiedzi
Hint Odpowiedź % Poprawnych
Zadymiarz początkowy Shelly
96%
Rzadki Colt
93%
Rzadki Nita
89%
Rzadki Poco
87%
Rzadki Rosa
86%
Rzadki Bull
84%
Legendarny Spike
83%
Rzadki Barley
81%
Rzadki Brock
81%
Legendarny Kruk
81%
Legendarny Leon
80%
Rzadki El Primo
79%
Bardzo rzadki Dynamike
77%
Bardzo rzadki Rico
77%
Mityczny Mortis
76%
Epicki Edgar
74%
Bardzo rzadki Penny
74%
Bardzo rzadki Darryl
73%
Bardzo rzadki Jessie
73%
Bardzo rzadki Tick
73%
Epicki Bibi
71%
Epicki Bo
71%
Mityczny Tara
70%
Legendarny Amber
69%
Mityczny Kieł
69%
Legendarny Kit
69%
Legendarny Sandy
69%
Bardzo rzadki Carl
66%
Epicki Frank
66%
Epicki Pam
66%
Legendarny Surge
66%
Epicki Emz
64%
Bardzo rzadki Jacky
64%
Legendarny Meg
64%
Epicki Piper
64%
Legendarny Chester
63%
Bardzo rzadki Gus
61%
Epicki Bea
59%
Mityczny Gene
57%
Mityczny Kiełek
57%
Epicki Bonnie
56%
Epicki Colette
56%
Legendarny Cordelius
54%
Epicki Gale
54%
Epicki Hank
54%
Epicki Stu
54%
Bardzo rzadki 8-Bitowiec
53%
Mityczny Buzz
53%
Epicki Angelo
51%
Epicki Mandy
51%
Epicki Belle
50%
Epicki Grom
50%
Mityczny Mico
50%
Epicki Lola
49%
Mityczny Pan P
47%
Epicki Sam
47%
Mityczny Chuck
46%
Epicki Griff
46%
Mityczny Charlie
44%
Mityczny Janet
44%
Epicki Nani
44%
Epicki Pearl
43%
Epicki Ash
41%
Epicki Maisie
41%
Mityczny Maks
41%
Mityczny Buster
40%
Mityczny Byron
40%
Mityczny Gray
39%
Mityczny R-T
39%
Mityczny Ruffs
39%
Mityczny Eve
37%
Epicki Larry I Lawrie
37%
Mityczny Willow
36%
Mityczny Lou
34%
Mityczny Squeak
34%
Mityczny Otis
33%
Mityczny Doug
21%
Nie znaleziono quizów pasujących do podanych kryteriów
Rozkład punktacji
Procent ludzi z każdym wynikiem
Percentyl według liczby udzielonych odpowiedzi
Twoja historia wyników
Nie rozwiązałeś tego quizu